Libro del año 1998 : (Record no. 191134)
[ view plain ]
| 000 -LEADER | |
|---|---|
| campo de control de longitud fija | 00774cam a2200217 i 4500 |
| 001 - NÚMERO DE CONTROL | |
| campo de control | 191134 |
| 003 - IDENTIFICADOR DE NÚMERO DE CONTROL | |
| campo de control | ES-MaACL |
| 005 - FECHA Y HORA DE LA ÚLTIMA TRANSACCIÓN | |
| campo de control | 20230906223936.0 |
| 008 - DATOS DE LONGITUD FIJA--INFORMACIÓN GENERAL | |
| campo de control de longitud fija | 220914d2002 us 00010 spa d |
| 020 ## - NÚMERO INTERNACIONAL ESTÁNDAR DEL LIBRO | |
| Número Internacional Estándar del Libro | 1564090221 |
| 040 ## - FUENTE DE CATALOGACIÓN | |
| Centro catalogador/agencia de origen | UAM.PS |
| 080 ## - NÚMERO DE LA CLASIFICACIÓN DECIMAL UNIVERSAL | |
| Número de la Clasificación Decimal Universal | (058)"1998" |
| 245 00 - MENCIÓN DEL TÍTULO | |
| Título | Libro del año 1998 : |
| Resto del título | resumen ilustrado de actualización con los principales acontecimientos de 1997, para las obras en español de Encyclopaedia Britannica Publishers, Inc. |
| 260 ## - PUBLICACIÓN, DISTRIBUCIÓN, ETC. | |
| Lugar de publicación, distribución, etc. | Mexico : |
| Nombre del editor, distribuidor, etc. | Encyclopaedia Britannica publishers, inc., |
| Fecha de publicación, distribución, etc. | cop. 1998. |
| 300 ## - DESCRIPCIÓN FÍSICA | |
| Extensión | 416 p. : |
| Otras características físicas | il. ; |
| Dimensiones | 29 cm. |
| 655 #7 - TERMINO DE INDIZACIÓN--GENERO/FORMA | |
| Fuente del término | tgfbne |
| 9 (RLIN) | 226822 |
| Datos o término principal de género/forma | Anuarios |
| 700 0# - ENTRADA AGREGADA--NOMBRE PERSONAL | |
| Nombre de persona | Encyclopaedia Britannica. |
| 9 (RLIN) | 226236 |
| 852 ## - LOCALIZACIÓN | |
| Ubicación | ES-MaACL |
| Número de control de estantería | ANU 058 lib "1998" |
| 942 ## - ELEMENTOS DE ENTRADA SECUNDARIOS (KOHA) | |
| Fuente del sistema de clasificación o colocación | Clasificación decimal universal |
| Estatus retirado | Estado de pérdida | Estado de daño | No para préstamo | Biblioteca de origen | Biblioteca actual | Ubicación en estantería | Fecha de adquisición | Total de préstamos | Signatura topográfica completa | Código de barras | Visto por última vez | Precio de reemplazo | Tipo de ítem Koha |
|---|---|---|---|---|---|---|---|---|---|---|---|---|---|
| Biblioteca del Ateneo de Madrid | Biblioteca del Ateneo de Madrid | Sala Pecera Referencia | 14/09/2022 | ANU 058 lib "1998 | 1203449 | 23/02/2023 | 23/02/2023 | Libro impreso |
